00523 2200205 4500001002100000005001500021035002000036007000300056008004100059020001800100082001200118084001800130100002100148245004400169250001100213260003800224300002900262990001400291990001200305INLIS00000000000678220250722022303 a0010-0725000058ta250722 0 ind  a979-489-008-1 a636.514 a636.514 RAS b1 aRasyaf, Muhammad1 aBeternak Ayam Petelur /cMuhamad Rasyaf aCet. 3 aJakarta :bPenebar Swadaya,c1990 a273 hlm :bIlus ;c21 cm a3927.2/23 a3927/23